Detalles MARC
| 000 -CABECERA |
| campo de control de longitud fija |
01343nam a2200265 i 4500 |
| 003 - IDENTIFICADOR DEL NÚMERO DE CONTROL |
| campo de control |
DO-SdBNP |
| 005 - FECHA Y HORA DE LA ÚLTIMA TRANSACCIÓN |
| campo de control |
20250414145220.0 |
| 007 - CAMPO FIJO DE DESCRIPCIÓN FÍSICA--INFORMACIÓN GENERAL |
| campo de control de longitud fija |
ta |
| 008 - DATOS DE LONGITUD FIJA--INFORMACIÓN GENERAL |
| campo de control de longitud fija |
250414b |||||||| |||| 00| 0 eng d |
| 020 ## - NÚMERO INTERNACIONAL ESTÁNDAR DEL LIBRO |
| Número Internacional Estándar del Libro |
9789945223897 |
| 040 ## - FUENTE DE LA CATALOGACIÓN |
| Centro catalogador/agencia de origen |
DO-SdBNP |
| Lengua de catalogación |
spa |
| Centro/agencia transcriptor |
BNPHU |
| Normas de descripción |
rda |
| 041 ## - CÓDIGO DE LENGUA |
| Código de lengua del texto/banda sonora o título independiente |
spa |
| 082 #4 - NÚMERO DE LA CLASIFICACIÓN DECIMAL DEWEY |
| Número de clasificación |
xxx |
| Número de documento/Ítem |
S211e |
| Número de edición |
22 |
| 100 ## - ENTRADA PRINCIPAL--NOMBRE DE PERSONA |
| Nombre de persona |
Sánchez, Norys, |
| Término indicativo de función/relación |
autor |
| Código de función/relación |
aut. |
| 9 (RLIN) |
61611 |
| 245 10 - MENCIÓN DE TÍTULO |
| Título |
Eternamente Oliver / |
| Mención de responsabilidad, etc. |
norys Sánchez |
| 264 ## - PRODUCCIÓN, PUBLICACIÓN, DISTRIBUCIÓN, FABRICACIÓN Y COPYRIGHT |
| Producción, publicación, distribución, fabricación y copyright |
Santo Domingo : |
| Nombre del de productor, editor, distribuidor, fabricante |
Editora Búho, |
| Fecha de producción, publicación, distribución, fabricación o copyright |
2024 |
| 300 ## - DESCRIPCIÓN FÍSICA |
| Extensión |
117 páginas : |
| Otras características físicas |
ilustraciones, retratos ; |
| Dimensiones |
23 cm. |
| 336 ## - TIPO DE CONTENIDO |
| Término de tipo de contenido |
texto |
| Código de tipo de contenido |
txt |
| Fuente |
rdacontent |
| 337 ## - TIPO DE MEDIO |
| Nombre/término del tipo de medio |
sin mediación |
| Código del tipo de medio |
n |
| Fuente |
rdamedia |
| 338 ## - TIPO DE SOPORTE |
| Nombre/término del tipo de soporte |
volumen |
| Código del tipo de soporte |
nc |
| Fuente |
rdacarrier |
| 505 ## - NOTA DE CONTENIDO CON FORMATO |
| Nota de contenido con formato |
Prólogo, 17. --introducción, 19. --Jackie, 31. --Tiffany, 35. --La llegada de Oliver, 37. --Su desarrollo, 45. --Sus hábitos, 49. --La oficina, su territorio, 55. --De acuerdo en todo, 61. --Regalo de la vida, 63. --No socializaba con sus congéneres, 65. -- Oliver en su rol de terapeuta, 69. --Vivir con Oliver, 71. --Una bolita en su costado, 75. --Segunda opinión, 81. --Difícil decisión, 83. --Su Afrontando su partida, 97. --El vació, 99. --Entre las nubes, 105. --Puente del Arco Iris, 109. --Asignatura pendiente: Alimento procesado, 111. --Ante de asumir la responsabilidad,115. |
| 590 ## - NOTA LOCAL (RLIN) |
| Nota local |
Inventariado, 2025 /LP |
| 910 ## - DATOS DE OPCIÓN DEL USUARIO (OCLC) |
| Datos de opción del usuario |
LP |
| 942 ## - ELEMENTOS DE PUNTO DE ACCESO ADICIONAL (KOHA) |
| Fuente del sistema de clasificación o colocación |
Dewey Decimal Classification |
| Tipo de ítem Koha |
Libro |